Statistics for Alphabets of the World

Click here to take the quiz!

General Stats

  • This quiz has been taken 28 times
  • The average score is 7 of 15

Answer Stats

Alphabets% Correct
Latin
96%
Arabic
88%
Greek
81%
Cyrillic
77%
Hebrew
65%
Armenian
62%
Georgian
62%
Hangul
46%
Kana / Kanji
42%
Ethiopic
23%
Hanzi
12%
Canadian Syllabic
8%
North Indic
8%
South Indic
8%
Thaana
8%

Score Distribution

Percentile by Number Answered

Percent of People with Each Score

Your Score History

You have not taken this quiz